میری ادبی آپ بیتی (Record no. 18770)

MARC details
000 -LEADER
fixed length control field 00787nam a22002177a 4500
005 - DATE AND TIME OF LATEST TRANSACTION
control field 20160311123923.0
008 - FIXED-LENGTH DATA ELEMENTS--GENERAL INFORMATION
fixed length control field 081119t xxu||||| |||| 00| 0 ur d
010 ## - LCCN (DPL NO)
LC control number B-283650, UR-7636
020 ## - INTERNATIONAL STANDARD BOOK NUMBER
International Standard Book Number 8189461435
Terms of availability 150.00
035 ## - SYSTEM CONTROL NUMBER
System control number U-6191
040 ## - CATALOGING SOURCE
Original cataloging agency DPL
Language of cataloging UR
082 ## - DEWEY DECIMAL CLASSIFICATION NUMBER
Edition number 842.08
100 ## - MAIN ENTRY--PERSONAL NAME
Personal name سدھو, چرن داس
9 (RLIN) 9405
245 ## - TITLE STATEMENT
Title میری ادبی آپ بیتی
Statement of responsibility, etc چرن داس سدّّھو
Remainder of title میں نے ڈرامے کیسے گڑھے
246 ## - VARYING FORM OF TITLE
Title proper/short title Meri adabi aap biti (my literary autobiography)
Remainder of title by Charan Dass Sidhu
260 ## - PUBLICATION, DISTRIBUTION, ETC. (IMPRINT)
Place of publication, distribution, etc رہلی
Name of publisher, distributor, etc کتابی دنیا
Date of publication, distribution, etc 2007
270 ## - ADDRESS
Address 1955, Gali Nawab Mirza, Turkman Gate
City Delhi
Postal code 110006
300 ## - PHYSICAL DESCRIPTION
Extent 510 p.
Dimensions 22 cm.
650 ## - SUBJECT ADDED ENTRY--TOPICAL TERM
Topical term or geographic name as entry element Literary autobiography
9 (RLIN) 9406
942 ## - ADDED ENTRY ELEMENTS (KOHA)
Source of classification or shelving scheme Dewey Decimal Classification
Item type Urdu Bks
Classification part 842.08
Call number suffix س د ھ
Holdings
Withdrawn status Lost status Source of classification or shelving scheme Damaged status Not for loan Collection code Home library Current library Date acquired Cost, normal purchase price Total Checkouts Full call number Barcode Date last seen Copy number Cost, replacement price Koha item type Source of acquisition
    Dewey Decimal Classification     Non-fiction Central Library Central Library 19/11/2008 150.00   842.08 س رھ B-283650 19/11/2008 1 150.00 Urdu Bks  
    Dewey Decimal Classification   Not For Loan Non-fiction D.B.Act.Division D.B.Act.Division 09/08/2010 150.00   842.08 س د ھ U-6191 09/08/2010 1 150.00 Urdu Bks DBAD/PUB

© Delhi Public Library
Hit Counter
free hit counter